Pays utilisant le F-35 - Statistiques

Statistiques générales
  • Ce quiz a été pris 22 fois
  • Le résultat moyen est 15 sur 20
Réponses sur la Carte
Les réponses sont colorées sur une échelle allant du rouge au vert en fonction du pourcentage des utilisateurs qui les ont devinées à leur premier essai. Vous pouvez retrouver ces pourcentages ci-dessous.
 
Statistiques - réponses
Réponse % Correct
Allemagne
100%
Canada
100%
Australie
95%
Etats-unis
95%
Italie
90%
Japon
90%
Royaume-uni
90%
Norvège
85%
Pologne
85%
Corée du sud
80%
Grèce
80%
Danemark
75%
Belgique
70%
Finlande
70%
Pays-bas
65%
Israël
60%
Suisse
60%
Roumanie
55%
Emirats arabes unis
40%
Singapour
15%
Aucun quiz correspondant
Distribution des résultats
% des personnes avec chaque résultat
Percentile par nombre de réponses
Votre historique - résultats
Vous n’avez pas pris ce quiz